[Event "Gatineau op-B"]
[Site "Gatineau"]
[Date "2015.03.??"]
[Round "2"]
[White "Arsenault, Yves"]
[Black "Martin, Spencer"]
[Result "1/2-1/2"]
[WhiteElo "1603"]
[BlackElo "1756"]
[PlyCount "82"]
[EventDate "2015.03.07"]
[EventType "swiss"]
[EventRounds "5"]
[EventCountry "CAN"]
[SourceTitle "EXT 2016"]
[Source "ChessBase"]
[SourceDate "2015.10.08"]
[SourceVersion "1"]
[SourceVersionDate "2015.10.08"]
[SourceQuality "1"]

1. e4 e5 2. Nf3 Nf6 3. Nc3 Bb4 4. d3 0-0 5. Be2 Nc6 6. 0-0 h6 7. h3 Re8 8. Be3 Bxc3 9. bxc3 d5 10. exd5 Nxd5 11. Bd2 Nf4 12. Bxf4 exf4 13. d4 Qf6 14. Bd3 Bf5 15. Bb5 Re7 16. Qd2 g5 17. Rfe1 Be4 18. Bxc6 Bxc6 19. Rxe7 Qxe7 20. Ne5 Qd6 21. Qd3 Re8 22. Qf5 Qe6 23. Qd3 Re7 24. c4 Be8 25. Kf1 f6 26. Nf3 Kg7 27. Re1 Qd7 28. Rxe7+ Qxe7 29. d5 Bg6 30. Qc3 Qe4 31. Nd4 Bf5 32. f3 Qe5 33. Nxf5+ Qxf5 34. Qd2 Qe5 35. c3 b6 36. Qd4 Qe7 37. Qe4 Qc5 38. Ke2 Qg1 39. Qe7+ Kg6 40. Qe8+ Kg7 41. Qe7+ Kg6 1/2-1/2

[Event "Gatineau Nez Rouge-B"]
[Site "Gatineau"]
[Date "2014.11.25"]
[Round "1"]
[White "Arsenault, Yves"]
[Black "Traversy, Pierre"]
[Result "1-0"]
[WhiteElo "1498"]
[BlackElo "1141"]
[PlyCount "55"]
[EventDate "2014.11.25"]
[EventType "swiss"]
[EventRounds "4"]
[EventCountry "CAN"]
[SourceTitle "EXT 2016"]
[Source "ChessBase"]
[SourceDate "2015.10.08"]
[SourceVersion "1"]
[SourceVersionDate "2015.10.08"]
[SourceQuality "1"]

1. e4 c5 2. Nf3 Nc6 3. d4 cxd4 4. Nxd4 e5 5. Nb5 d6 6. N1c3 a6 7. Na3 Nf6 8. Bd3 Be7 9. Be3 Ng4 10. Bd2 Nf6 11. 0-0 0-0 12. Nc4 b5 13. Ne3 Bb7 14. Nf5 Bc8 15. Nxe7+ Nxe7 16. Bg5 Ng6 17. Nd5 h6 18. Nxf6+ Kh8 19. Qh5 Nf4 20. Bxf4 Qxf6 21. Be3 Qg6 22. Qh4 Qg4 23. Qe7 Be6 24. Qxd6 f6 25. f3 Rad8 26. Qxd8 Qg6 27. Qxf8+ Kh7 28. Rf2 1-0

[Event "Gatineau op U1800"]
[Site "Gatineau"]
[Date "2014.03.??"]
[Round "3"]
[White "Raymond, Daniel"]
[Black "Arsenault, Yves"]
[Result "1-0"]
[WhiteElo "1797"]
[BlackElo "1616"]
[PlyCount "83"]
[EventDate "2014.02.??"]
[EventType "swiss"]
[EventRounds "5"]
[EventCountry "CAN"]
[SourceTitle "EXT 2022"]
[Source "ChessBase"]
[SourceDate "2021.10.06"]
[SourceVersion "1"]
[SourceVersionDate "2021.10.06"]
[SourceQuality "1"]

1. e4 c5 2. Nf3 Nc6 3. d4 cxd4 4. Nxd4 e5 5. Nf3 Nf6 6. Bg5 Be7 7. Nbd2 d6 8. Bc4 0-0 9. c3 Bg4 10. 0-0 Rc8 11. Qe2 Na5 12. Rad1 Nxc4 13. Nxc4 Qc7 14. Bxf6 Bxf3 15. Qxf3 Bxf6 16. Nxd6 Rcd8 17. Nf5 Qb6 18. b3 Rc8 19. Rd6 Rc6 20. Rfd1 Rfc8 21. Rxf6 Rxf6 22. Ne7+ Kf8 23. Nxc8 Qc7 24. Qh3 Re6 25. Qxh7 Rh6 26. Qf5 Re6 27. Qh3 Kg8 28. Nxa7 Rd6 29. Rxd6 Qxd6 30. Qc8+ Kh7 31. Qf5+ Kg8 32. h3 Qc5 33. Qc8+ Qxc8 34. Nxc8 Kf8 35. Nd6 b6 36. Nc4 Ke7 37. Nxb6 f6 38. a4 Kd6 39. a5 Kc6 40. b4 Kb5 41. g3 g6 42. Nd7 1-0

[Event "Gatineau Loisirs"]
[Site "Gatineau"]
[Date "2013.10.15"]
[Round "1"]
[White "Arsenault, Yves"]
[Black "Legare, Gilles"]
[Result "1-0"]
[WhiteElo "1581"]
[BlackElo "1143"]
[PlyCount "79"]
[EventDate "2013.10.15"]
[EventType "swiss"]
[EventRounds "4"]
[EventCountry "CAN"]
[SourceTitle "EXT 2022"]
[Source "ChessBase"]
[SourceDate "2021.10.06"]
[SourceVersion "1"]
[SourceVersionDate "2021.10.06"]
[SourceQuality "1"]

1. e4 e5 2. Nf3 Nc6 3. Bb5 a6 4. Ba4 Bc5 5. d3 Nf6 6. 0-0 Ne7 7. Nxe5 0-0 8. Bg5 Ng6 9. Nxg6 fxg6 10. e5 Bd4 11. exf6 Bxf6 12. Bxf6 Qxf6 13. c3 Qf5 14. Qe2 d5 15. Nd2 Bd7 16. Bxd7 Qxd7 17. Nf3 Qg4 18. h3 Qf5 19. Nd4 Qf6 20. Rae1 c5 21. Nf3 Rae8 22. Qd2 Qf5 23. Re3 h5 24. Rfe1 Rd8 25. Re7 Rb8 26. Ne5 Rfd8 27. Nf7 Qf6 28. R1e6 Qf5 29. Nxd8 Rxd8 30. Re8+ Rxe8 31. Rxe8+ Kh7 32. Qe3 h4 33. Re5 Qf6 34. Rxd5 b6 35. Qg5 Qc6 36. Qxh4+ Kg8 37. Rd8+ Kf7 38. Qf4+ Ke7 39. Qf8+ Ke6 40. Re8+ 1-0

[Event "Outaouais-ch Reserve"]
[Site "Gatineau"]
[Date "2013.05.07"]
[Round "4"]
[White "Simard, Paul"]
[Black "Arsenault, Yves"]
[Result "0-1"]
[WhiteElo "1219"]
[BlackElo "1565"]
[PlyCount "76"]
[EventDate "2013.04.16"]
[EventType "swiss"]
[EventRounds "6"]
[EventCountry "CAN"]
[SourceTitle "EXT 2022"]
[Source "ChessBase"]
[SourceDate "2021.10.06"]
[SourceVersion "1"]
[SourceVersionDate "2021.10.06"]
[SourceQuality "1"]

1. e4 c5 2. Nf3 Nc6 3. Nc3 e5 4. Bc4 Be7 5. 0-0 d6 6. h3 Nf6 7. d3 Na5 8. Bb5+ Nc6 9. a3 0-0 10. b4 cxb4 11. axb4 Nxb4 12. Ba3 Nc6 13. Bc4 a6 14. Ba2 b5 15. Nd5 Nxd5 16. Bxd5 Bb7 17. Qd2 a5 18. c3 Rc8 19. Rab1 Ba6 20. Rfc1 Bf6 21. d4 Re8 22. Qa2 Rc7 23. Rd1 exd4 24. cxd4 b4 25. Bxb4 Nxb4 26. Qxa5 Nxd5 27. Qxd5 Be2 28. Rd2 Bxf3 29. gxf3 Qc8 30. Kh2 Rc2 31. Rxc2 Qxc2 32. Rg1 Qxf2+ 33. Rg2 Qxf3 34. Qb5 Qxe4 35. Kh1 Bxd4 36. Kh2 Be5+ 37. Kh1 Rc8 38. Qf1 Bf4 0-1

[Event "Gatineau Commanditaires"]
[Site "Gatineau"]
[Date "2013.03.05"]
[Round "2"]
[White "Arsenault, Yves"]
[Black "Legare, Gilles"]
[Result "1-0"]
[WhiteElo "1583"]
[BlackElo "1056"]
[PlyCount "71"]
[EventDate "2013.02.26"]
[EventType "swiss"]
[EventRounds "4"]
[EventCountry "CAN"]
[SourceTitle "EXT 2022"]
[Source "ChessBase"]
[SourceDate "2021.10.06"]
[SourceVersion "1"]
[SourceVersionDate "2021.10.06"]
[SourceQuality "1"]

1. e4 e5 2. Nf3 Nf6 3. Nc3 Bb4 4. d3 c6 5. Bd2 0-0 6. Nxe5 d6 7. Nf3 Nbd7 8. Be2 Ne5 9. 0-0 Bg4 10. Re1 Re8 11. h3 Bh5 12. a3 Ba5 13. b4 Bb6 14. a4 a6 15. a5 Nxf3+ 16. Bxf3 Bxf3 17. Qxf3 Bd4 18. Rac1 Be5 19. Ne2 g6 20. d4 Nd7 21. dxe5 Nxe5 22. Qg3 Re6 23. Nd4 Rf6 24. Bg5 h6 25. Bxf6 Qxf6 26. Nf5 Kh7 27. Nh4 Rg8 28. c4 g5 29. Nf5 h5 30. Red1 h4 31. Qe3 g4 32. Rxd6 Nf3+ 33. Kf1 Nh2+ 34. Ke1 Nf3+ 35. gxf3 Qg5 36. Rh6+ 1-0

[Event "Gatineau Quebec Elite qual"]
[Site "Gatineau"]
[Date "2013.02.12"]
[Round "5"]
[White "Danilov, Alex"]
[Black "Arsenault, Yves"]
[Result "0-1"]
[WhiteElo "1693"]
[BlackElo "1545"]
[PlyCount "86"]
[EventDate "2013.01.15"]
[EventType "swiss"]
[EventRounds "5"]
[EventCountry "CAN"]
[SourceTitle "EXT 2022"]
[Source "ChessBase"]
[SourceDate "2021.10.06"]
[SourceVersion "1"]
[SourceVersionDate "2021.10.06"]
[SourceQuality "1"]

1. e4 c5 2. Nf3 Nc6 3. d4 cxd4 4. Nxd4 Nf6 5. Nc3 e6 6. Be3 Bb4 7. f3 0-0 8. Qd2 d5 9. Nxc6 bxc6 10. e5 Nd7 11. a3 Be7 12. f4 a6 13. b4 Bb7 14. Na4 Rc8 15. Qf2 f6 16. exf6 Bxf6 17. 0-0-0 e5 18. Bc5 Rf7 19. g3 exf4 20. Bd3 fxg3 21. Qxg3 Bg5+ 22. Kb1 Bf4 23. Qh3 g6 24. Bd4 Ne5 25. Be2 Rb8 26. Qc3 Qe7 27. Rde1 Re8 28. Nc5 Qg5 29. Rhg1 Qh6 30. Nb3 Qxh2 31. Bd3 Rfe7 32. Bc5 Re6 33. Rh1 Nxd3 34. cxd3 Rxe1+ 35. Rxe1 Rxe1+ 36. Qxe1 Be5 37. d4 Bc8 38. dxe5 Bf5+ 39. Ka1 Qh3 40. Be3 Qh2 41. Qc3 Qh1+ 42. Nc1 Qe4 43. Qb2 Qxe3 0-1

[Event "Gatineau Nez Rouge"]
[Site "Gatineau"]
[Date "2012.11.27"]
[Round "2"]
[White "Arsenault, Yves"]
[Black "Danilov, Alex"]
[Result "1/2-1/2"]
[WhiteElo "1536"]
[BlackElo "1693"]
[PlyCount "107"]
[EventDate "2012.11.20"]
[EventType "swiss"]
[EventRounds "5"]
[EventCountry "CAN"]
[SourceTitle "EXT 2022"]
[Source "ChessBase"]
[SourceDate "2021.10.06"]
[SourceVersion "1"]
[SourceVersionDate "2021.10.06"]
[SourceQuality "1"]

1. e4 c5 2. Nf3 e6 3. d4 cxd4 4. Nxd4 Nc6 5. Nc3 Qc7 6. Be2 Nf6 7. 0-0 a6 8. Bg5 Be7 9. Bf3 Ng4 10. Bxg4 Bxg5 11. Nf3 Be7 12. h4 0-0 13. a3 b5 14. Re1 Bb7 15. Qd3 d6 16. Rad1 Rad8 17. Qe3 Ne5 18. Nxe5 dxe5 19. Qg3 f5 20. exf5 exf5 21. Bh3 Bd6 22. Nd5 Qf7 23. Nc3 f4 24. Qg4 Rfe8 25. Ne4 Bxe4 26. Rxe4 Qb7 27. Qe2 Qe7 28. g3 fxg3 29. fxg3 Bc5+ 30. Kh2 Rxd1 31. Qxd1 Rd8 32. Qe2 Rf8 33. Rxe5 Qd6 34. Re8 h6 35. Rxf8+ Kxf8 36. Qf3+ Kg8 37. Qa8+ Kf7 38. Qb7+ Kf6 39. Qf3+ Ke7 40. Qe4+ Kf8 41. Qf5+ Ke7 42. Qe4+ Kf8 43. Be6 Ke7 44. Bf5+ Kf6 45. Bg4 Qe5 46. Qxe5+ Kxe5 47. Kg2 a5 48. Kf3 b4 49. axb4 axb4 50. Ke2 Bd4 51. c3 bxc3 52. bxc3 Bxc3 53. Kf3 Be1 54. Bc8 1/2-1/2

[Event "Gatineau LEO-B"]
[Site "Gatineau"]
[Date "2012.04.24"]
[Round "3"]
[White "Arsenault, Yves"]
[Black "Berthiaume, Serge"]
[Result "1-0"]
[WhiteElo "1594"]
[BlackElo "1387"]
[PlyCount "79"]
[EventDate "2012.04.10"]
[EventType "swiss"]
[EventRounds "6"]
[EventCountry "CAN"]
[SourceTitle "EXT 2013"]
[Source "ChessBase"]
[SourceDate "2012.11.22"]
[SourceVersion "1"]
[SourceVersionDate "2012.11.22"]
[SourceQuality "1"]

1. e4 g6 2. d4 Bg7 3. Nf3 c5 4. c3 cxd4 5. cxd4 Qb6 6. Nc3 d6 7. h3 Nc6 8. Nd5 Qd8 9. Bb5 Bd7 10. 0-0 Nf6 11. Nc3 a6 12. Ba4 b5 13. Bc2 0-0 14. Re1 Nb4 15. Bb1 a5 16. a3 Na6 17. e5 Ne8 18. Be4 Ra7 19. Be3 f6 20. Qb3+ e6 21. d5 Nac7 22. Bxa7 fxe5 23. dxe6 Bxe6 24. Bd5 Nxd5 25. Nxd5 Qa8 26. Ne7+ Kf7 27. Qxb5 Qxa7 28. Nc6 Nc7 29. Ng5+ Kg8 30. Qd3 Qxf2+ 31. Kh1 Bd5 32. Ne7+ Kh8 33. Nxd5 Qxb2 34. Nxc7 Rf2 35. Qd5 Bf6 36. Rab1 Qc3 37. Rb8+ Kg7 38. Nce6+ Kh6 39. Nf7+ Kh5 40. Qd1+ 1-0

[Event "Gatineau Maisonneuve Memorial"]
[Site "Gatineau"]
[Date "2011.11.01"]
[Round "2"]
[White "Simard, Paul"]
[Black "Arsenault, Yves"]
[Result "0-1"]
[WhiteElo "1165"]
[BlackElo "1538"]
[PlyCount "76"]
[EventDate "2011.10.25"]
[EventType "swiss"]
[EventRounds "4"]
[EventCountry "CAN"]
[SourceTitle "EXT 2022"]
[Source "ChessBase"]
[SourceDate "2021.10.06"]
[SourceVersion "1"]
[SourceVersionDate "2021.10.06"]
[SourceQuality "1"]

1. e4 c5 2. Nf3 Nc6 3. d3 e5 4. Nc3 d6 5. g3 Nf6 6. Bg2 Be7 7. 0-0 0-0 8. Be3 a6 9. a3 b5 10. Qd2 Nd4 11. Ne2 Ng4 12. Bxd4 cxd4 13. b4 Bb7 14. c3 dxc3 15. Nxc3 Rc8 16. Rac1 Re8 17. Bh3 h5 18. Rfe1 Rc7 19. Qa2 Nf6 20. Ng5 Bf8 21. Nxf7 Rxf7 22. Be6 Rxe6 23. Qxe6 Bc8 24. Qa2 Qd7 25. Nd1 Ng4 26. Ne3 Nxf2 27. Nf5 Nxd3 28. Nh4 Nxe1 29. Rxe1 Qa7+ 30. Kg2 Kh7 31. Rf1 Rxf1 32. Kxf1 Bh3+ 33. Ke2 Bg4+ 34. Kf1 g5 35. Nf5 Qb7 36. Qc2 Bxf5 37. exf5 Qh1+ 38. Kf2 Qxh2+ 0-1

[Event "Gatineau CEH 31 Aniv-B"]
[Site "Gatineau"]
[Date "2010.10.12"]
[Round "5"]
[White "Arsenault, Yves"]
[Black "Desjardins, Michel"]
[Result "0-1"]
[WhiteElo "1506"]
[BlackElo "1969"]
[PlyCount "104"]
[EventDate "2010.09.14"]
[EventType "swiss"]
[EventRounds "5"]
[EventCountry "CAN"]
[SourceTitle "EXT 2011"]
[Source "ChessBase"]
[SourceDate "2010.11.26"]
[SourceVersion "1"]
[SourceVersionDate "2010.11.26"]
[SourceQuality "1"]

1. e4 d5 2. exd5 Qxd5 3. Nc3 Qd6 4. d4 Nf6 5. Nf3 a6 6. h3 b5 7. Be2 Bb7 8. 0-0 e6 9. Bg5 Nbd7 10. Re1 Be7 11. Qd2 b4 12. Na4 Qc6 13. b3 Ne4 14. d5 Qxd5 15. Qxd5 Bxd5 16. Bf4 Bd6 17. Bxd6 cxd6 18. Rad1 0-0 19. Bd3 Nec5 20. Nxc5 Nxc5 21. Nd4 Rfc8 22. Re3 g6 23. Be2 Ne4 24. Bf3 Nc3 25. Ra1 Bxf3 26. Nxf3 Nb5 27. Re2 Rc3 28. Rc1 Rac8 29. Kf1 Na3 30. Ne1 d5 31. Rd2 Kf8 32. Ke2 Ke7 33. Kd1 a5 34. Nf3 Nb5 35. Ng1 R3c5 36. Ne2 e5 37. f3 Ke6 38. g4 f6 39. h4 d4 40. f4 R8c7 41. Rd3 Nd6 42. fxe5 fxe5 43. Ng3 Rc3 44. Ne2 R3c5 45. Ng3 Kd5 46. Ne2 Ne4 47. Rf3 Nc3+ 48. Nxc3+ Rxc3 49. Rf8 Rh3 50. Rd8+ Ke4 51. Ra8 Ke3 52. c4 Kd3 0-1